000 00610nam a2200193Ia 4500
003 GCL
008 140319s9999 xx 000 0 ara d
040 _aGCL /
_cGCL
082 0 4 _a230
_bر ت
100 1 _aالسيد محمد نوح
245 1 0 _aتوجيهات نبوية على الطريق /
_cالسيد محمد نوح
260 _a[S.N] :
_bدار الوفاء للطباعة والنشر والتوزيع ،
_c1994
300 _a142 ص
490 _a
650 0 4 _aالاحكام الشرعية
650 0 4 _aالسنة النبوية
650 0 4 _aالحديث - احكام
942 _2ddc
_cBK
999 _c29576
_d29576